000 00276nam a2200121Ia 4500
008 190216s9999||||xx |||||||||||||| ||und||
100 _aAkbar Kakkattil
245 0 _aAdhyapakakathakal
260 _bPoorna Pubs Kozhikode
300 _a144
650 _aKathakal
942 _cBK
999 _c27513
_d27513